00473 2200193 4500001002100000005001500021008004100036020001800077035001900095041000700114082001000121090001600131100002100147245001800168260003400186300002300220500001000243650002600253INLIS00000000000483320241224113003241224||||||||| | ||| |||| || |  a979-668-932-4 0010-1224004833 aid0 a741.5 a741.5 IND r0 aindah widiastuti00arahasia hantu aJakartabTiga Serangkaic2005 a36hlm.;ilus.;18 cm acet.1 0akesenian dan olahraga